Ajapurada Agraganyaru (Record no. 240149)

MARC details
000 -LEADER
fixed length control field 00365nam a2200133Ia 4500
005 - DATE AND TIME OF LATEST TRANSACTION
control field 20250729165808.0
008 - FIXED-LENGTH DATA ELEMENTS--GENERAL INFORMATION
fixed length control field 250729s2017 xx 000 0 und d
041 ## - LANGUAGE CODE
Language code of text/sound track or separate title kan
082 ## - DEWEY DECIMAL CLASSIFICATION NUMBER
Classification number 494.50 AJAA
100 ## - MAIN ENTRY--PERSONAL NAME
Personal name Ajapura Karnataka Sangha
9 (RLIN) 233173
245 ## - TITLE STATEMENT
Title Ajapurada Agraganyaru
260 ## - PUBLICATION, DISTRIBUTION, ETC.
Place of publication, distribution, etc. Bramhavara
Name of publisher, distributor, etc. Ajapura Karnataka Sangha
Date of publication, distribution, etc. 2017
650 ## - SUBJECT ADDED ENTRY--TOPICAL TERM
Topical term or geographic name entry element Kannada
9 (RLIN) 233174
Holdings
Withdrawn status Lost status Damaged status Not for loan Home library Current library Date acquired Source of acquisition Total Checkouts Full call number Barcode Date last seen Price effective from Koha item type
        St Aloysius Library St Aloysius Library 07/29/2025 Management Book   494.50 AJAA BED05468 07/29/2025 07/29/2025 Book